[Event "Commonwealth Ch"]
[Site "Mumbai IND"]
[Date "2003.04.23"]
[Round "5"]
[White "Fominyh,A"]
[Black "Suvrajit,S"]
[Result "1-0"]
[WhiteElo "2529"]
[BlackElo "2391"]

1.d4 d5 2.Nf3 Nf6 3.c4 c6 4.Qb3 e6 5.Bg5 Be7 6.e3 O-O 7.Nc3 Nbd7 8.Be2 a6
9.O-O b5 10.cxd5 cxd5 11.a3 Bb7 12.Na2 Nb6 13.Nc1 Ne4 14.Bxe7 Qxe7 15.Nd3 Rfc8
16.Rfd1 Rc7 17.Nd2 Na4 18.Nf3 Rac8 19.Nfe1 h6 20.Qb4 Qd8 21.Qb3 Qd6 22.f3 Nf6
23.Rdc1 Rc4 24.Qd1 Qb6 25.Qd2 Rxc1 26.Rxc1 Rxc1 27.Qxc1 Qc6 28.Nc5 Nd7 29.b4 Nab6
30.Ned3 Bc8 31.Kf2 Nc4 32.Nxd7 Bxd7 33.Nc5 Nd6 34.Bd3 Bc8 35.Qc3 Qc7 36.h3 Qd8
37.Nb3 Nc4 38.Bxc4 dxc4 39.Nc5 Qh4+ 40.Kf1 Qg5 41.Qd2 Qd5 42.e4 Qd6 43.e5 Qd8
44.Ke2 Qd5 45.Qe3 f5 46.exf6 gxf6 47.Qe4 Kg7 48.Qg4+ Qg5 49.Ne4 Qxg4 50.hxg4 Bb7
51.Nc5 Bc8 52.a4 Kg6 53.a5 h5 54.gxh5+ Kxh5 55.Ke3 Kg5 56.Ne4+ Kg6 57.g4 Bb7
58.Nc5 Bc8 59.f4 Kh6 60.Ne4 Kg6 61.Nc5 Kh6 62.Kf3 Kg6 63.Ke4 Kh6 64.f5 exf5+
65.gxf5 Kg5 66.d5 Bxf5+ 67.Kd4 Bc8 68.d6 f5 69.Nxa6 f4 70.Nc5 f3 71.a6 Kf4
72.a7 f2 73.a8=Q f1=Q 74.Qe4+ Kg5 75.Qe7+ Kg4 76.Qg7+ Kh3 77.Qh8+ Kg3 78.Ne4+ Kg2
79.Qg8+ Kh2 80.Qg3+  1-0

[Event "Commonwealth Ch"]
[Site "Mumbai IND"]
[Date "2003.04.23"]
[Round "6"]
[White "Gupta,A"]
[Black "Rausis,I"]
[Result "0-1"]
[WhiteElo "2335"]
[BlackElo "2533"]

1.d4 d5 2.c4 c6 3.Nf3 dxc4 4.a4 Nf6 5.Nc3 Na6 6.e3 Bg4 7.Bxc4 e6 8.O-O Be7
9.h3 Bh5 10.Qe2 Nb4 11.Rd1 O-O 12.e4 Bxf3 13.gxf3 Qa5 14.Bf4 Nh5 15.Be5 g6
16.Qd2 Qd8 17.Kh2 Bg5 18.f4 Bh6 19.d5 exd5 20.exd5 Re8 21.Ne2 Nxd5 22.Bxd5 cxd5
23.Qd3 Qe7 24.Qxd5 Rad8 25.Qb3 Rxd1 26.Rxd1 Bxf4+ 27.Bxf4 Qxe2 28.Rd2 Qe4
29.Bd6 Ng7 30.Qd5 Qxd5 31.Rxd5 Rd8 32.Rd2 Ne6 33.b4 f5 34.Kg2 Kf7 35.h4 a6
36.Kf3 g5 37.Kg3 g4 38.f3 h5 39.fxg4 hxg4 40.b5 axb5 41.axb5 Kg6 42.Rd5 Ng7
43.Rd2 Nh5+ 44.Kf2 Nf6 45.h5+ Kxh5 46.Ke3 Kg6 47.Rd4 Kf7 48.Bh2 Rxd4 49.Kxd4 Ke6
50.Kc5 Nd5 51.Kd4 Nf6 52.Kc5 g3 53.Kd4  0-1

[Event "FSIMA May"]
[Site "Budapest HUN"]
[Date "2003.05.08"]
[Round "6"]
[White "Harmon,C"]
[Black "Dembo,Y"]
[Result "1/2-1/2"]
[WhiteElo "2198"]
[BlackElo "2402"]

1.d4 d5 2.Nf3 Nf6 3.c4 c6 4.Qc2 g6 5.Bf4 Bg7 6.e3 O-O 7.Nc3 Qa5 8.Be2 dxc4
9.Bxc4 b5 10.Bb3 Bf5 11.Qd2 b4 12.Na4 Qb5 13.Rd1 Nbd7 14.Qe2 Be4 15.h3 Rac8
16.Rg1 Qa5 17.Ne5 Nxe5 18.Bxe5 Nd7 19.Bxg7 Kxg7 20.Qd2 Bd5 21.Rc1 Nf6 22.f3 Qc7
23.Bxd5 Nxd5 24.e4 Nf4 25.Nc5 Rcd8 26.Qxb4 Qd6 27.Kf2 Qxd4+ 28.Qxd4+ Rxd4
29.Rgd1 e5 30.Rxd4 exd4 31.Rd1 Rb8 32.b3 Rb5 33.Nd3 Ne6 34.Rc1 c5 35.f4 Kf6
36.g4 Ke7 37.e5 f5 38.exf6+ Kxf6 39.Kf3 Ke7  1/2-1/2

[Event "Kings Cup"]
[Site "Bucharest ROM"]
[Date "2003.05.21"]
[Round "4"]
[White "Manolache,M"]
[Black "Vajda,Al"]
[Result "1-0"]
[WhiteElo "2448"]
[BlackElo "2437"]

1.d4 d5 2.c4 c6 3.Nf3 Nf6 4.Qc2 dxc4 5.e4 b5 6.b3 cxb3 7.axb3 e6 8.Bd2 b4
9.Bf4 Be7 10.Bd3 h6 11.O-O O-O 12.Nbd2 Nfd7 13.Nc4 Ba6 14.e5 Nb6 15.Qe2 Bxc4
16.bxc4 Re8 17.Qe4 g6 18.Bxh6 Bf8 19.Ng5 Qe7 20.Bxf8 Qxf8 21.Rfe1 N6d7 22.Re3 Qg7
23.Rg3 Nf8 24.h4 a5 25.h5 Ra7 26.Qh4 Qh6 27.Ne4 Nh7 28.Nd6 Rf8 29.Bxg6 Kh8
30.Bxh7 Kxh7 31.Ne4 Kh8 32.Ng5 Rg8 33.Qf4 Qf8 34.Rxa5  1-0

[Event "28th Elekes Mem GM"]
[Site "Budapest HUN"]
[Date "2003.05.22"]
[Round "6"]
[White "Burnett,R"]
[Black "Danner,G"]
[Result "1-0"]
[WhiteElo "2442"]
[BlackElo "2377"]

1.d4 d5 2.Nf3 c6 3.c4 dxc4 4.a4 Nf6 5.Nc3 e6 6.e3 c5 7.Bxc4 cxd4 8.exd4 Be7
9.O-O O-O 10.d5 exd5 11.Nxd5 Nxd5 12.Bxd5 Nc6 13.Qb3 Bf6 14.Be3 Ne5 15.Bc5 Nxf3+
16.Qxf3 Be7 17.Rfd1 Qc7 18.Bd4 Bd6 19.Rac1 Qe7 20.a5 a6 21.Re1 Qh4 22.Be5 Bxe5
23.Rxe5 Be6 24.Bxb7 Rab8 25.Bxa6 Rxb2 26.Bf1 Rd8 27.a6 Ra2 28.Qe3 Qa4 29.h3 h6
30.Kh2 Ra3 31.Qe1 Rd6 32.Re4 Qd7 33.Rb4 Rd2 34.Qe4 Bf5 35.Rb8+ Kh7 36.Qe8 Qd6+
37.Kg1 Rxf2 38.Rd8 Qb6 39.Kh1 Rfa2 40.Rc6 Rxh3+ 41.gxh3 Qxd8 42.Qxd8 Be4+
43.Kg1 Bxc6 44.Qd3+ g6 45.Qc4  1-0

[Event "TCh-RUS"]
[Site "Togliatti RUS"]
[Date "2003.05.22"]
[Round "7"]
[White "Askarov,M"]
[Black "Popov,Val"]
[Result "0-1"]
[WhiteElo "2260"]
[BlackElo "2570"]

1.d4 d5 2.Nf3 c6 3.c4 Nf6 4.Qb3 e6 5.Bg5 h6 6.Bh4 a5 7.Bxf6 Qxf6 8.Nbd2 Nd7
9.e3 g5 10.h3 h5 11.e4 g4 12.e5 Qg7 13.Nh2 a4 14.Qc3 c5 15.cxd5 cxd4 16.Qxd4 Bc5
17.Qf4 Qxe5+ 18.Qxe5 Nxe5 19.Bb5+ Ke7 20.Rc1 Bb4 21.a3 Bd7 22.Be2 Ba5 23.dxe6 Bxe6
24.f3 Rad8 25.Nf1 gxf3 26.gxf3 Rd4 27.f4 Ng6 28.Bf3 Rxd2 29.Nxd2 Bb3 30.Rf1 Rd8
31.Kf2 Bxd2 32.Rc7+ Kd6 33.Rxb7  0-1

[Event "12th Chicago Open"]
[Site "Oak Brook USA"]
[Date "2003.05.24"]
[Round "2"]
[White "Novikov,I"]
[Black "Zaremba,An"]
[Result "1-0"]
[WhiteElo "2593"]
[BlackElo "2342"]

1.d4 d5 2.c4 c6 3.Nf3 Nf6 4.Qc2 g6 5.Bf4 Bg7 6.e3 O-O 7.Nc3 Bf5 8.Qb3 Qb6
9.c5 Qxb3 10.axb3 Nbd7 11.h3 h6 12.b4 a6 13.Rg1 g5 14.Bh2 Rfe8 15.g4 Be4
16.Nd2 e5 17.O-O-O exd4 18.exd4 a5 19.b5 a4 20.Rg3 Bg6 21.Re3 Rec8 22.b4 Nh7
23.Nf3 a3 24.Bd3 Bxd3 25.Rexd3 Nhf8 26.Kb1 Ne6 27.Ka2 Rf8 28.Bd6 Rfe8 29.Re3 Bf6
30.b6 Rad8 31.Bg3 Ra8 32.b5 Nexc5 33.bxc6 bxc6 34.dxc5 Rxe3 35.fxe3 Bxc3
36.b7 Re8 37.Rxd5 Nb8 38.Bxb8 Rxb8 39.Rd7 Kf8 40.Rc7  1-0

[Event "ch-EST"]
[Site "Tallinn EST"]
[Date "2003.05.26"]
[Round "6.3"]
[White "Kanep,M"]
[Black "Kulaots,K"]
[Result "1/2-1/2"]
[WhiteElo "2446"]
[BlackElo "2514"]

1.d4 d5 2.c4 c6 3.Nf3 Nf6 4.Qc2 dxc4 5.Qxc4 Bf5 6.Nc3 e6 7.g3 Nbd7 8.Bg2 Be7
9.O-O O-O 10.e3 Bg6 11.Qe2 c5 12.Ne5 Nxe5 13.dxe5 Bd3 14.exf6 Bxe2 15.fxe7 Qxe7
16.Nxe2 Rfd8 17.e4 c4 18.Be3 Qb4 19.Rab1 Rd3 20.Nc3 Rad8 21.e5 Rxe3 22.fxe3 Qc5
23.Rbd1 Rxd1 24.Rxd1 g6 25.Kf2 b5 26.Rd8+ Kg7 27.Rb8 a6 28.Rb7 Qxe5 29.Bf3 Qd6
30.Ne4 Qe5 31.Nc3 Qd6 32.Ne4 Qe5 33.Nc3 Qd6  1/2-1/2

[Event "TCh-NOR"]
[Site "Asker NOR"]
[Date "2003.05.28"]
[Round "1"]
[White "Gausel,E"]
[Black "Tallaksen,G"]
[Result "1-0"]
[WhiteElo "2533"]
[BlackElo "2285"]

1.d4 d5 2.c4 c6 3.Nf3 Nf6 4.Qc2 Bg4 5.Ne5 Bh5 6.cxd5 cxd5 7.Nc3 e6 8.Bg5 Be7
9.e3 O-O 10.Bd3 Bg6 11.Nxg6 hxg6 12.f4 Nc6 13.Qe2 Rc8 14.O-O Ne8 15.h4 f6
16.Bxg6 fxg5 17.fxg5 Bxg5 18.hxg5 Qxg5 19.Bh7+  1-0

[Event "IEWCC"]
[Site "Istanbul TUR"]
[Date "2003.06.02"]
[Round "1"]
[White "Motoc,A"]
[Black "Andersson,C"]
[Result "1-0"]
[WhiteElo "2358"]
[BlackElo "2142"]

1.d4 d5 2.c4 c6 3.Nf3 dxc4 4.e3 Be6 5.Ne5 b5 6.a4 f6 7.Nf3 Bd5 8.axb5 cxb5
9.Nc3 a6 10.b3 cxb3 11.e4 Bb7 12.Qxb3 Nd7 13.Bf4 Rc8 14.Be2 e5 15.dxe5 Nc5
16.Qb1 b4 17.Nd5 Nxe4 18.Qxe4 Bxd5 19.Qd3 Rc4 20.Qd2 Re4 21.O-O fxe5 22.Nxe5 Bc5
23.Bh5+ Ke7 24.Bf3 Rd4 25.Qe2 Kf8 26.Be3 Nf6 27.Bxd4 Bxd4 28.Rad1 Bb3 29.Rd3 Ba4
30.Qd2  1-0

[Event "IEWCC"]
[Site "Istanbul TUR"]
[Date "2003.06.03"]
[Round "2"]
[White "Medic,Mir"]
[Black "Andersson,C"]
[Result "1/2-1/2"]
[WhiteElo "2290"]
[BlackElo "2142"]

1.d4 d5 2.c4 c6 3.Nf3 dxc4 4.a4 b5 5.e3 Be6 6.axb5 cxb5 7.b3 Nf6 8.bxc4 bxc4
9.Ne5 Nbd7 10.Qa4 g6 11.Na3 Bg7 12.Naxc4 O-O 13.Nc6 Qc7 14.Nxe7+ Kh8 15.Qc6 Qd8
16.Ba3 Re8 17.Be2 Bf8 18.d5 Bxe7 19.dxe6 Bxa3 20.Rxa3 Rxe6 21.Qf3 Kg7 22.O-O a6
23.h3 Rc8 24.Rd1 Qe7 25.Ra2 Ne4 26.Rc2 Rc5 27.g4 Rf6 28.Rxd7 Qe6 29.Qh1 Nxf2
30.Qb7 Rb5 31.Re7 Rxb7 32.Rxe6 fxe6 33.Nd6 Re7 34.Kg2 e5 35.Rd2 Kf8 36.g5 Rxd6
37.Rxd6 Ne4 38.Rxa6 Nxg5 39.Bc4 Rc7 40.Ra4 Ke7 41.h4 Ne4 42.Bg8 Nf6 43.Bc4 Rc5
44.Ra7+ Kd6 45.Bf7 Rc3 46.Kf3 Rc6 47.Bb3 Rb6 48.Ba2 Nd7 49.Bg8 h6 50.Bf7 Ke7
51.Bd5 Rd6 52.Bc4 Kf6 53.Rc7 h5 54.Bb5 Nb6 55.Be8 e4+ 56.Ke2 Nd5 57.Rc5 Ne7
58.Rc7 Nf5 59.Rc4 Rb6 60.Kd2 Nd6 61.Rc6 Rxc6 62.Bxc6 Ke5 63.Ke2 Nf5 64.Be8 Nxh4
65.Kf2 Kf5 66.Bd7+ Kg5 67.Bc6 Nf5 68.Bxe4 h4 69.Bg2 Kg4 70.Bf3+ Kh3 71.Bg2+ Kg4
72.Bf3+ Kg5 73.Bg2 Kf6 74.Kf3 g5 75.Bh3 Kg6 76.Bg4 Kf6 77.Bh3 Kg6 78.Bg4 Nh6
79.Bd7 Ng8 80.Be8+ Kh6 81.Bf7 Nf6 82.Be6 Kg6 83.e4 Nh5 84.e5 Nf4 85.Bc8 Nd5
86.Be6 Nf4 87.Bc8 Nd5 88.Be6 Ne7 89.Bd7 Kh5 90.Bg4+ Kh6 91.Ke4 Kg6 92.Bd7 Kh5
93.Kf3 Ng6 94.Bg4+ Kh6 95.Ke4 Ne7 96.Bd7 Ng6 97.Bg4 Nf4 98.Kf3 Kg7 99.Bc8 Kf7
100.Kg4 Kg6 101.Kf3 Nd5 102.Be6 Ne7 103.Bd7 Kh6 104.Ke4 Ng6 105.Bg4 Ne7 106.Bd7 Kg7
107.Kf3 Ng6 108.Ke4 Kh6 109.Bg4 Nf4 110.Kf3 Kh7 111.Bf5+ Kg7 112.Kg4 Kh6
113.Kf3 Ng6 114.e6 Ne7 115.Bg4 Kg6 116.Ke4 Kf6 117.Kd4 Ng8 118.Kd5 Ke7 119.Ke5 Nf6
120.Bf5 g4 121.Kf4 g3 122.Bh3 g2 123.Bxg2  1/2-1/2

[Event "IEWCC"]
[Site "Istanbul TUR"]
[Date "2003.06.07"]
[Round "5"]
[White "Janjgava,N"]
[Black "Andersson,C"]
[Result "1/2-1/2"]
[WhiteElo "2286"]
[BlackElo "2142"]

1.d4 d5 2.c4 c6 3.Nf3 dxc4 4.e3 Be6 5.Nc3 b5 6.a4 b4 7.Ne4 Nf6 8.Ned2 c3
9.bxc3 bxc3 10.Nb1 Qa5 11.Qc2 Nd5 12.Ba3 Nd7 13.e4 Nb4 14.Bxb4 Qxb4 15.Qxc3 Qxc3+
16.Nxc3 Bg4 17.Nd2 e5 18.dxe5 Bb4 19.Rc1 Rd8 20.Nc4 Nb6 21.f3 Nxa4 22.fxg4 Nxc3
23.Kf2 Nxe4+ 24.Ke3 Nc3 25.Nd6+ Bxd6 26.Rxc3 Bxe5 27.Rxc6 O-O 28.Bc4 Rfe8
29.Kf3 h6 30.h4 Rd4 31.g3 Rd6 32.Rxd6 Bxd6 33.Rd1 Rd8 34.g5 hxg5 35.hxg5 Kf8
36.Kg4 Bc7 37.Rxd8+ Bxd8 38.Kf5 Bc7 39.Kg4 a5 40.Bb3 Ke7 41.Kf3 Be5 42.g6 f6
43.g4 Kd6 44.Ke4 Kc5 45.Kd3 Kb4 46.Kc2 a4 47.Be6 Kc5 48.Bf7 Kb4 49.Be6 Bd6
50.Bd7 Ka5 51.Be8 a3 52.Kb3 Kb6 53.Bd7 Bc5 54.Bf5 Kc6 55.Ka2 Kd6 56.Kb3 Ke5
57.Ka2 Kf4 58.Kb3  1/2-1/2

[Event "IEWCC"]
[Site "Istanbul TUR"]
[Date "2003.06.08"]
[Round "6"]
[White "Medic,Mir"]
[Black "Slavina,I"]
[Result "0-1"]
[WhiteElo "2290"]
[BlackElo "2381"]

1.d4 d5 2.Nf3 c6 3.c4 dxc4 4.a4 Nf6 5.Nc3 Na6 6.e4 Bg4 7.Bxc4 Bxf3 8.gxf3 e6
9.Be3 Nb4 10.Qe2 Be7 11.Rg1 g6 12.f4 Qa5 13.Rd1 O-O-O 14.Kf1 Nh5 15.Rd2 Qc7
16.Qf3 Bd6 17.f5 exf5 18.exf5 Bxh2 19.Rh1 Bf4 20.Ne2 Bxe3 21.fxe3 Rhe8 22.e4 Kb8
23.Kf2 Qe7 24.Nc3 Qf6 25.Ne2 c5 26.d5 Qe5 27.Rh4 Nf6 28.Nc3 h5 29.fxg6 fxg6
30.Qf4 Ng4+ 31.Kg3 g5 32.Qxe5+ Nxe5 33.Rxh5 Nxc4 34.Rf2 Nd6  0-1

[Event "IHEM"]
[Site "Hamburg GER"]
[Date "2003.06.09"]
[Round "3"]
[White "Berkes,F"]
[Black "Putzbach,G"]
[Result "1-0"]
[WhiteElo "2578"]
[BlackElo "2253"]

1.d4 d5 2.Nf3 c6 3.c4 dxc4 4.a4 e6 5.e4 b5 6.axb5 cxb5 7.b3 Bb7 8.bxc4 Bxe4
9.cxb5 Nf6 10.Be2 Nbd7 11.O-O Qc7 12.Ba3 Bxa3 13.Rxa3 O-O 14.Nc3 Bb7 15.Qd3 Rfd8
16.Rd1 Nd5 17.Nxd5 Bxd5 18.Qe3 Qb7 19.h3 Rac8 20.Ne5 Nxe5 21.dxe5 Bxg2 22.Rxd8+ Rxd8
23.Rxa7 Qe4 24.Bd3 Qxe3 25.fxe3 Bd5 26.e4 Ba8 27.b6 Rb8 28.Ba6 Bxe4 29.Rc7 f6
30.b7 Bxb7 31.Bxb7 fxe5 32.Bc8 Rb6 33.Kf2 Kf8 34.Kf3 Rb3+ 35.Kg4 Rb4+ 36.Kg5 Rb6
37.Bd7 Kf7 38.Ba4+ Kf8 39.Bc2 h6+ 40.Kg6 e4 41.Bxe4 Rb3 42.Rf7+ Kg8 43.Rxg7+ Kf8
44.Rf7+ Ke8 45.Bc6+ Kd8 46.Bf3 Ke8 47.Rf4 e5 48.Rf6 Ke7 49.Bg4 h5 50.Re6+ Kf8
51.Kxh5 Kg7 52.Kg5 Rb7 53.Rxe5 Ra7 54.h4 Rb7 55.h5 Rb8 56.Re7+ Kh8 57.Kh6 Kg8
58.Be6+ Kf8 59.Rf7+ Ke8 60.Kg7 Rb1 61.Bf5 Rh1 62.h6 Rxh6 63.Bd7+  1-0

[Event "IEWCC"]
[Site "Istanbul TUR"]
[Date "2003.06.10"]
[Round "7"]
[White "Slavina,I"]
[Black "Zhukova,N"]
[Result "1/2-1/2"]
[WhiteElo "2381"]
[BlackElo "2448"]

1.d4 d5 2.c4 c6 3.Nf3 Nf6 4.Qc2 dxc4 5.Qxc4 Bf5 6.g3 e6 7.Bg2 Nbd7 8.O-O Be7
9.e3 O-O 10.Rd1 Rc8 11.Nc3 b5 12.Qe2 b4 13.Nb1 c5 14.Nbd2 Bc2 15.Re1 Bg6
16.Nc4 Bh5 17.Qf1 Bxf3 18.Bxf3 cxd4 19.exd4 Nd5 20.Be3 Bf6 21.Rac1 N7b6 22.Nxb6 Qxb6
23.Rxc8 Rxc8 24.Bxd5 exd5 25.Rc1 Rxc1 26.Qxc1 g6 27.Qd2 h5 28.h4 a5 29.b3 Qc6
30.Kf1 Kf8 31.Bh6+ Ke8 32.Bg5 Bxg5 33.Qxg5 a4 34.Qd2 axb3  1/2-1/2

[Event "IEWCC"]
[Site "Istanbul TUR"]
[Date "2003.06.12"]
[Round "9"]
[White "Topel,Z"]
[Black "Johansson,V"]
[Result "0-1"]
[WhiteElo "2092"]
[BlackElo "2175"]

1.d4 d5 2.Nf3 c6 3.c4 dxc4 4.a4 Nf6 5.Nc3 g6 6.e3 Be6 7.Ne5 Bg7 8.Bxc4 Bxc4
9.Nxc4 O-O 10.O-O Nbd7 11.e4 Nb6 12.Ne3 a5 13.e5 Nfd5 14.Ne4 Nxe3 15.fxe3 Nd5
16.Ng5 h6 17.Nf3 Nb4 18.Bd2 Qd5 19.Qc1 Rac8 20.e4 Qxe4 21.Bxh6 Nc2 22.Bxg7 Kxg7
23.Qg5 Nxa1 24.Qxe7 Nc2 25.Ng5 Qxd4+ 26.Kh1 Qc4 27.Qf6+ Kg8 28.e6 Qxf1+ 29.Qxf1 fxe6
30.Qd3 Rf5 31.Nf3 Nb4 32.Qd7 Rcf8 33.Qxe6+ Kg7 34.h3 R8f7 35.Ne5 R5f6 36.Qc4 Re7
37.Qc5 Nd5 38.Qd4 Rf4 39.Qa7 Rxe5 40.Qxb7+ Rf7 41.Qxc6 Nf6 42.Qc3 Rd5 43.b4 axb4
44.Qxb4 Ra7 45.g4 Rda5 46.h4 Rxa4 47.Qc5 Nxg4 48.h5 Nf6 49.hxg6 Kxg6 50.Qe5 Rg4  0-1

[Event "It"]
[Site "Leposavic YUG"]
[Date "2003.06.19"]
[Round "8"]
[White "Todorov,O"]
[Black "Kosic,D"]
[Result "1-0"]
[WhiteElo "2329"]
[BlackElo "2502"]

1.d4 d5 2.Nf3 Nf6 3.c4 c6 4.Qc2 e6 5.g3 dxc4 6.Qxc4 b5 7.Qc2 Bb7 8.Bg2 Nbd7
9.Ne5 Qb6 10.Be3 c5 11.Nxd7 Nxd7 12.Bxb7 Qxb7 13.O-O cxd4 14.Bxd4 Rc8 15.Nc3 b4
16.Qe4 Qxe4 17.Nxe4 a5 18.Rac1 Ra8 19.Rfd1 e5 20.Be3 Be7 21.Rc7 Nf6 22.Nxf6+ Bxf6
23.Bc5 Bd8 24.Rb7 Rc8 25.Rd5 f6 26.Rxg7 h5 27.h4  1-0

[Event "TCh-BIH"]
[Site "Jahorina BIH"]
[Date "2003.06.22"]
[Round "2"]
[White "Kozul,Z"]
[Black "Varga,Zo"]
[Result "1/2-1/2"]
[WhiteElo "2601"]
[BlackElo "2533"]

1.d4 d5 2.c4 c6 3.Nf3 dxc4 4.e3 Be6 5.Be2 Nf6 6.O-O g6 7.Ne5 Bg7 8.Nxc4 c5
9.dxc5 Qxd1 10.Rxd1 Nfd7 11.Na5 Nxc5 12.Bf3 Nbd7 13.Nxb7 Nxb7 14.Bxb7 Rb8
15.Bc6 Rxb2 16.Bxb2 Bxb2 17.Nd2 Bxa1 18.Rxa1 O-O 19.Nf3 Rc8 20.Nd4 Ne5 21.Bb5 Bd5
22.a4 a5 23.h3 f5 24.Rd1 Rc5 25.Rb1 Be4 26.Rb3 Kf7 27.Kh2 Bd5 28.Rb2 Kf6
29.Be8 Nd3 30.Rb6+ Kg7 31.f4 e5 32.fxe5 Nxe5 33.Bb5 Nc4 34.Bxc4 Rxc4 35.Rb5 Bf7
36.Rxa5 f4 37.Nf3 fxe3 38.Re5 Rxa4 39.Rxe3  1/2-1/2

[Event "11th Fair Play Trophy"]
[Site "Techirghiol ROM"]
[Date "2003.07.03"]
[Round "3"]
[White "Raceanu,V"]
[Black "Vioreanu,B"]
[Result "1/2-1/2"]
[WhiteElo "2378"]
[BlackElo "2395"]

1.d4 d5 2.c4 c6 3.Nf3 Nf6 4.Qc2 e6 5.Bg5 Be7 6.e3 h6 7.Bh4 Nbd7 8.Nc3 O-O
9.Rd1 b6 10.Be2 Bb7 11.O-O Rc8 12.cxd5 exd5 13.Ne5 Nxe5 14.dxe5 Nd7 15.Bxe7 Qxe7
16.f4  1/2-1/2

[Event "32nd TCh-GRE"]
[Site "Kallithea Chalkidiki GRE"]
[Date "2003.07.05"]
[Round "2"]
[White "Skalkotas,N"]
[Black "Dorfanis,I"]
[Result "1-0"]
[WhiteElo "2285"]
[BlackElo "2156"]

1.Nf3 Nf6 2.d4 d5 3.c4 c6 4.Qb3 dxc4 5.Qxc4 Bf5 6.Nc3 e6 7.g3 Nbd7 8.Bg2 Be7
9.O-O O-O 10.Bg5 Ne4 11.Bxe7 Qxe7 12.Rad1 Nxc3 13.Qxc3 Be4 14.Ne5 Bxg2 15.Kxg2 Nxe5
16.dxe5 Rfd8 17.b4 Rd7 18.Qc5 Qxc5 19.bxc5 Rd5 20.Rxd5 cxd5 21.Rb1 Rb8 22.e4 Kf8
23.exd5 exd5 24.Kf3 Ke7 25.Ke3 Kd7 26.Kd4 Kc6 27.Rb3 Re8 28.Ra3 f6 29.f4 fxe5+
30.fxe5 Rf8 31.Rxa7 Rf1 32.Ra8 Rd1+ 33.Kc3 d4+ 34.Kc2 Re1 35.Rg8 Rxe5 36.Rxg7 Re2+
37.Kd3 Rxh2 38.Kxd4 Rxa2 39.Rxh7 Ra4+ 40.Ke3 Rg4 41.Kf3 Rg5 42.g4 Rxc5 43.Rh6+ Kc7
44.Kf4 b5 45.g5 Kd7 46.Rb6 Ke7 47.Rb7+ Kf8 48.Kg4 Kg8 49.Kh5 Kf8 50.Kg6 Rd5
51.Kf6 Rd6+ 52.Kf5 Rd5+ 53.Kg6 Rd8 54.Kh6 Rd5 55.g6  1-0

[Event "1st Stage Russian Cup"]
[Site "Tomsk RUS"]
[Date "2003.07.05"]
[Round "2"]
[White "Bragin,A2"]
[Black "Frolova,T"]
[Result "1-0"]
[WhiteElo "2255"]
[BlackElo "2123"]

1.d4 d5 2.c4 c6 3.Nf3 Nf6 4.Nbd2 Qa5 5.e3 Bg4 6.Qb3 Bxf3 7.gxf3 Qc7 8.Bd3 e6
9.f4 Nbd7 10.Qc2 c5 11.cxd5 Nxd5 12.Nf3 Nb4 13.Qe2 Nxd3+ 14.Qxd3 c4 15.Qd1 Bb4+
16.Bd2 c3 17.bxc3 Bxc3 18.Rc1 Bxd2+ 19.Qxd2 Qd6 20.Qb2 Qd5 21.Ke2 O-O 22.Rc7 Nb6
23.Rc5 Qe4 24.Qc2 Qxc2+ 25.Rxc2 Rac8 26.Rhc1 Rxc2+ 27.Rxc2 Rc8 28.Rxc8+ Nxc8
29.Kd3 Kf8 30.e4 Ke7 31.Nd2 Nd6 32.Nf1 Ne8 33.Ne3 Nd6 34.d5 exd5 35.Nxd5+ Kd7
36.f5 b5 37.Nf4 a5 38.Nh5 g6 39.Nf6+ Kc7 40.Nd5+ Kd7 41.fxg6 hxg6 42.f4 Kc6
43.Kd4 Nc4 44.f5 gxf5 45.Ne7+ Kd7 46.Nxf5 Nd2 47.Kd3 Nf3 48.h4 Ke6 49.Nd4+ Nxd4
50.Kxd4 a4 51.Kc5 Ke5 52.h5 Kf6 53.Kxb5  1-0

[Event "ch-BEL"]
[Site "Eupen BEL"]
[Date "2003.07.06"]
[Round "2"]
[White "Mohandesi,S"]
[Black "Hautot,S"]
[Result "0-1"]
[WhiteElo "2337"]
[BlackElo "2317"]

1.d4 d5 2.c4 c6 3.Nf3 Nf6 4.Qc2 e6 5.Nbd2 Be7 6.g3 O-O 7.Bg2 b6 8.O-O Bb7
9.b3 c5 10.dxc5 Bxc5 11.Bb2 Nc6 12.a3 a5 13.cxd5 exd5 14.e3 Qe7 15.Ng5 Ne5
16.Ndf3 Nxf3+ 17.Nxf3 Rfc8 18.Qf5 Qe4 19.Nh4 Qxf5 20.Nxf5 Ne8 21.Rfd1 Rd8
22.Bd4 Kf8 23.a4 g6 24.Nh4 Bxd4 25.Rxd4 Nc7 26.Nf3 Ne6 27.Rd2 Rac8 28.Nd4 Rc3
29.Rb1 Rdc8 30.Bh3 Ke7 31.Rdd1 Ba6 32.Bg4 Nxd4 33.Rxd4 Rc1+ 34.Rd1 Rxb1 35.Rxb1 Rc3
36.Kg2 Bd3 37.Rb2 Rc2 38.Rxc2 Bxc2 39.Be2 Bxb3 40.Bb5 Kd6 41.Kf3 Kc5 42.Kf4 Kb4
43.Bc6 Bxa4 44.Bxd5 Bb3 45.e4 a4 46.Ke5 a3  0-1

[Event "26th Open"]
[Site "Barbera del Valles ESP"]
[Date "2003.07.08"]
[Round "4"]
[White "Borges Mateos,J"]
[Black "Panelo,M"]
[Result "1-0"]
[WhiteElo "2441"]
[BlackElo "2335"]

1.d4 d5 2.c4 c6 3.Nf3 Nf6 4.Qc2 e6 5.g3 Bb4+ 6.Nbd2 O-O 7.Bg2 Ne4 8.a3 Nxd2
9.Bxd2 Bxd2+ 10.Qxd2 dxc4 11.Ne5 Nd7 12.Nxc4 Nb6 13.Rc1 Nxc4 14.Rxc4 Qb6
15.O-O Rd8 16.Qc3 Bd7 17.Rc1 Be8 18.h4 Rd6 19.e3 Rad8 20.b4 e5 21.dxe5 Rd3
22.Qb2 Qa6 23.R4c3 Rd2 24.Qb3 Rxf2 25.Bf1 Rxf1+ 26.Rxf1 Rd5 27.Qc4 Qxc4 28.Rxc4 Rxe5
29.e4 Kf8 30.Kf2 a5 31.Rc5 Re7 32.Rxa5 f6 33.Kf3 Bg6 34.Re1 Ke8 35.e5 Bf7
36.g4 Bd5+ 37.Kf4 Kd7 38.h5 Rf7 39.Rxd5+  1-0

[Event "25th Open"]
[Site "Oberwart AUT"]
[Date "2003.07.09"]
[Round "5"]
[White "Horvath,P1"]
[Black "Schweda,R"]
[Result "1-0"]
[WhiteElo "2463"]
[BlackElo "2381"]

1.d4 d5 2.c4 c6 3.Nf3 dxc4 4.e3 Be6 5.a4 Nf6 6.Na3 Nbd7 7.Nxc4 Bd5 8.Bd3 e6
9.O-O Be7 10.Re1 Be4 11.Bf1 O-O 12.Nfd2 Bg6 13.a5 c5 14.Qb3 cxd4 15.exd4 Nd5
16.Ne4 N7f6 17.Nxf6+ Bxf6 18.Ne5 Qc7 19.Bd2 Qc2 20.Qxc2 Bxc2 21.Nd7 Rfd8
22.Nxf6+ Nxf6 23.Rec1 Be4 24.f3 Bd5 25.a6 b6 26.Rc3 Ne8 27.Bf4 Rac8 28.Rac1 Rxc3
29.Rxc3 Kf8 30.Bb5 h6 31.Kf2 Ba8 32.Be5 Bd5 33.Bxe8 Kxe8 34.Bxg7 Kd7 35.Bxh6 Rc8
36.Rxc8 Kxc8 37.Bf4 Bc4 38.h4 Bxa6 39.Ke3 Kd7 40.Bb8 Bf1 41.Bxa7 b5 42.g4 Ke7
43.Bb8 f6 44.f4 Kf7 45.Kf2 Bd3 46.h5 Bc2 47.Kg3 Bd1 48.Kh4 Be2 49.Bd6 Bd1
50.g5 Bf3 51.Bb4 Bd5 52.Ba5 Ke7 53.g6 Kf8 54.h6 Be4 55.Kh5 Bf3+ 56.Kh4 Be4
57.Bd8 Bxg6 58.Bxf6 Kf7 59.Be5 Bf5 60.Kg5 Bh7 61.Bg7 Bg6 62.Be5 Bh7 63.Bf6 Bg6
64.Bd8 Bh7 65.Kg4 Be4 66.Kg5 Bh7 67.Ba5 Be4 68.Bb4 Bh7 69.f5 exf5 70.d5 Ke8
71.Kf6 f4 72.Kg7 f3 73.Bc5 Be4 74.h7 Bxh7 75.Kxh7 Kf7 76.b4 Kf6 77.d6  1-0

[Event "ch-SWE"]
[Site "Umea SWE"]
[Date "2003.07.10"]
[Round "11"]
[White "Agrest,E"]
[Black "Hector,J"]
[Result "1-0"]
[WhiteElo "2591"]
[BlackElo "2553"]

1.d4 d5 2.Nf3 Nf6 3.c4 c6 4.Qb3 dxc4 5.Qxc4 Bf5 6.g3 e6 7.Bg2 Be7 8.O-O O-O
9.Nc3 Nbd7 10.Qb3 Nb6 11.Re1 Ne4 12.a4 a5 13.Nh4 Bxh4 14.Nxe4 Be7 15.Rd1 Nd5
16.Nc5 Nb4 17.e4 Bg6 18.Nxb7 Qb6 19.Nc5 Bh5 20.Nd7 Bxd1 21.Qxd1 Qa7 22.Nxf8 Rxf8
23.Be3 Rd8 24.Qb3 c5 25.d5 exd5 26.exd5 Bf6 27.Rd1 Bd4 28.Qc4 Bxe3 29.fxe3 Qe7
30.Qe4 Kf8 31.d6 Qxe4 32.Bxe4 g6 33.Bf3 f5 34.Be2 Kf7 35.Bc4+ Kf6 36.Kf2 Nc6
37.Rd5 Ne5 38.b3 Nxc4 39.bxc4 Ke6 40.Rxc5 Rxd6 41.Ke2 Ra6 42.Rd5 Rb6 43.Rb5 Ra6
44.Kd3 Kd6 45.Kd4 Kc6 46.Re5 Kd7 47.h4 Ra8 48.h5 Kd6 49.c5+ Kd7 50.Kd5 Rd8
51.c6+ Kc7+ 52.Kc5 Rd3 53.Re7+ Kc8 54.h6  1-0

[Event "Open"]
[Site "Mariupol UKR"]
[Date "2003.07.11"]
[Round "1"]
[White "Nosenko,A"]
[Black "Kharchenko,B"]
[Result "1-0"]
[WhiteElo "2478"]
[BlackElo "2141"]

1.d4 d5 2.c4 c6 3.Nf3 Nf6 4.Qb3 dxc4 5.Qxc4 Bf5 6.Bg5 Ne4 7.Bh4 Qb6 8.Qc1 e6
9.e3 Qa5+ 10.Nfd2 Na6 11.f3 Nxd2 12.Nxd2 Bd6 13.Kf2 O-O 14.Nc4 Qc7 15.Nxd6 Qxd6
16.Bg3 Qd7 17.Be2 Rac8 18.Rd1 Nc7 19.Qc5 a6 20.Rac1 Rfd8 21.a4 Na8 22.Qa7 h6
23.a5 Kf8 24.Rc3 Qe7 25.Rb3 Rd7 26.Rc1 Rcd8 27.Qc5 f6 28.Rb4 Qxc5 29.Rxc5 Re8
30.Rc3 Kf7 31.h4 Bg6 32.Ke1 Bh7 33.h5 Ree7 34.e4 Re8 35.Rcb3 Ree7 36.Bb8 Bg8
37.Ba7 Ke8 38.Bc5 e5 39.Ra3 Rf7 40.Bc4  1-0

[Event "1st Stage Russian Cup"]
[Site "Tomsk RUS"]
[Date "2003.07.11"]
[Round "8"]
[White "Bragin,A2"]
[Black "Voinov,A"]
[Result "1-0"]
[WhiteElo "2255"]
[BlackElo "2350"]

1.d4 Nf6 2.c4 c6 3.Nf3 d5 4.Nbd2 Bf5 5.g3 e6 6.Bg2 h6 7.O-O Be7 8.b3 O-O
9.Bb2 Nbd7 10.Re1 Qc7 11.e3 b5 12.Rc1 bxc4 13.bxc4 Rab8 14.Bc3 Ba3 15.Ra1 Bb2
16.Bxb2 Rxb2 17.Qc1 Rfb8 18.cxd5 Rc2 19.Qa3 cxd5 20.Rac1 Rb7 21.Bf1 Ne4 22.Nxe4 Bxe4
23.Nd2 Bg6 24.Nb3 Qb8 25.Na1 Rxc1 26.Rxc1 Nf6 27.Nb3 Kh7 28.Ba6 Rc7 29.Rxc7 Qxc7
30.Qc5 Qb8 31.Qb5 Qd6 32.Nc5 e5 33.Bb7 exd4 34.exd4 Qe7 35.Qf1 Bf5 36.Ba6 g6
37.Qe2 Qd6 38.Bd3 Bh3 39.f3 h5 40.Qe5 Qb6 41.Nb3  1-0

[Event "1st Stage Russian Cup"]
[Site "Tomsk RUS"]
[Date "2003.07.12"]
[Round "9"]
[White "Beletsky,A"]
[Black "Verzhansky,A"]
[Result "1-0"]
[WhiteElo "2418"]
[BlackElo "2264"]

1.d4 d5 2.c4 c6 3.Nf3 Nf6 4.Qc2 g6 5.Bf4 Bg7 6.e3 O-O 7.Nc3 e6 8.Be2 Nbd7
9.O-O b6 10.cxd5 exd5 11.h3 Qe7 12.a3 Bb7 13.b4 Rfe8 14.Qb3 Ne4 15.Nxe4 dxe4
16.Nd2 Nf6 17.b5 c5 18.dxc5 Qxc5 19.Rac1 Qd5 20.Bc4 Qd7 21.Rfd1 Qe7 22.Nf1 Rec8
23.Ng3 Bf8 24.a4 Kg7 25.Ne2 Qe8 26.Qb2 Rc5 27.Bb3 Rac8 28.Rxc5 Rxc5 29.Nd4 Be7
30.Rc1 Qc8 31.Rxc5 Qxc5 32.Qc2 Ne8 33.Nc6 a6 34.Qxe4 Bxc6 35.bxc6 Kf8 36.Qc4 Qxc4
37.Bxc4  1-0

[Event "103rd ch-SUI"]
[Site "Silvaplana SUI"]
[Date "2003.07.14"]
[Round "5"]
[White "Raetsky,A"]
[Black "Sedina,E"]
[Result "1-0"]
[WhiteElo "2438"]
[BlackElo "2390"]

1.d4 Nf6 2.c4 c6 3.Nf3 d5 4.g3 Bf5 5.Nc3 e6 6.Bg2 h6 7.O-O Nbd7 8.Qb3 Qb6
9.c5 Qxb3 10.axb3 g5 11.b4 Bg7 12.b5 O-O 13.Be3 Ne4 14.bxc6 bxc6 15.Ra6 Nb8
16.Ra4 Nxc3 17.bxc3 Be4 18.Rfa1 a6 19.h4 Bxf3 20.Bxf3 Bf6 21.hxg5 hxg5 22.Rb1 Re8
23.c4 Kg7 24.Bd2 Bd8 25.e4 dxe4 26.Bxe4 Bf6 27.d5 Nd7 28.Be3 exd5 29.cxd5 cxd5
30.Bxd5 Rab8 31.Rb7 Rxb7 32.Bxb7 Nb8 33.c6 Be5 34.Re4 f5 35.Rxe5 Rxe5 36.Bd4  1-0